Một số vấn đề dạy học ngôn bản nói và viết ở tiểu học theo hướng giao tiếp Sách bồi dưỡng thường xuyên chu kì 1997 -2000 cho giáo viên tiểu học
সংরক্ষণ করুন:
| প্রধান লেখক: | |
|---|---|
| বিন্যাস: | গ্রন্থ |
| প্রকাশিত: |
Hà Nội
Giáo dục
1998
|
| বিষয়গুলি: | |
| ট্যাগগুলো: |
ট্যাগ যুক্ত করুন
কোনো ট্যাগ নেই, প্রথমজন হিসাবে ট্যাগ করুন!
|
| Thư viện lưu trữ: | Trung tâm Học liệu Lê Vũ Hùng, Trường Đại học Đồng Tháp |
|---|
| LEADER | 01319pam a22002658a 4500 | ||
|---|---|---|---|
| 001 | 00043583 | ||
| 005 | 20190219090259.0 | ||
| 008 | 170517s2015 ||||||Viesd | ||
| 020 | # | # | |c 15000 |
| 041 | 0 | # | |a Vie |
| 082 | 1 | 4 | |a 372.6 |b M458S |
| 100 | 1 | # | |a Nguyễn, Quang Ninh |
| 245 | 1 | 0 | |c Nguyễn Quang Ninh |a Một số vấn đề dạy học ngôn bản nói và viết ở tiểu học theo hướng giao tiếp |b Sách bồi dưỡng thường xuyên chu kì 1997 -2000 cho giáo viên tiểu học |
| 260 | # | # | |b Giáo dục |a Hà Nội |c 1998 |
| 300 | # | # | |a 87 tr. |c 29 cm |
| 653 | # | # | |a Giao tiếp |
| 653 | # | # | |a Tiểu học |
| 653 | # | # | |a Giáo dục |
| 653 | # | # | |a Ngôn bản |
| 653 | # | # | |a Ngôn ngữ nói |
| 653 | # | # | |a Ngôn ngữ viết |
| 653 | # | # | |a Ngữ cảnh |
| 852 | # | # | |j KD.0025915 |j KM.0026869 |j KM.0026870 |j KM.0026871 |j KM.0026872 |j KM.0026873 |j KM.0026874 |j KM.0026875 |j KM.0026876 |j KM.0026877 |j KM.0026878 |j KM.0026879 |j KM.0026880 |j KM.0026881 |j KM.0026882 |j KM.0026883 |j KM.0026884 |j KM.0026885 |j KM.0026886 |j KM.0026887 |j KM.0026888 |j KM.0026889 |j KM.0026890 |j KM.0026891 |j KM.0026892 |j KM.0026893 |j KM.0026894 |j KM.0026895 |j KM.0026896 |j KM.0026897 |
| 910 | # | # | |d 19/2/2019 |
| 980 | # | # | |a Trung tâm Học liệu Lê Vũ Hùng, Trường Đại học Đồng Tháp |